| 000 | 00788nam a2200217Ia 4500 | ||
|---|---|---|---|
| 003 | OSt | ||
| 005 | 20241029152945.0 | ||
| 007 | ca aa aaaaa | ||
| 008 | 201103s9999 xx 000 0 und d | ||
| 040 | _cSSBL | ||
| 041 | _abur | ||
| 082 |
_223 _a၂၉၄.၃၄၄၃ ပါ _b၁၃၁၀၅(၁) S-SAT |
||
| 100 | 1 | _aပါရဂူ။ | |
| 245 | 1 | 0 |
_aတရားရေစီးကြောင်း / _cပါရဂူ။ |
| 250 | _aဒုတိယအကြိမ်။ | ||
| 260 |
_aရန်ကုန် ၊ _bလောကစာပေ၊ _c၁၉၉၀။ |
||
| 300 |
_a၂၀၁ စာမျက်နှာ ၊ _c၁၈ စင်တီ။ |
||
| 500 | _aS-SAT: Dr. Sai Aung Tun | ||
| 650 |
_aဗုဒ္ဓဘာသာ _xတရားတော် _913507 |
||
| 942 |
_cBK1 _2ddc |
||
| 999 |
_c40999 _d40999 |
||